| 000 | 00699nam a22002177a 4500 | ||
|---|---|---|---|
| 005 | 20251108175143.0 | ||
| 008 | 250721s2011 xx 000 0 ara d | ||
| 082 | 1 | 4 | _a956/بره |
| 100 | 1 | _aبرهومة، عيسى | |
| 245 | 1 | 0 | _aنذر الخوف : دراسة في إشكالية العلاقة بين الشرق و الغرب / |
| 264 | 1 |
_aعمان : _bوزارة الثقافة، _c2011. |
|
| 300 | _a401 ص. | ||
| 650 | 1 | 7 | _aالإستشراق و المستشرقون |
| 650 | 1 | 7 | _aالثقافة العربية |
| 650 | 1 | 7 | _aالتاريخ الإسلامي |
| 650 | 1 | 7 | _aالغرب |
| 650 | 1 | 7 | _aالحرب |
| 650 | 1 | 7 | _aالإستعمار |
| 942 |
_2ddc _cBK |
||
| 999 |
_c127430 _d127430 |
||